Disability Discrimination Act (Record no. 70894)
[ view plain ]
| 000 -LEADER | |
|---|---|
| fixed length control field | 01283cam a2200229 4500 |
| 001 - CONTROL NUMBER | |
| control field | ABS65752 |
| 008 - FIXED-LENGTH DATA ELEMENTS--GENERAL INFORMATION | |
| fixed length control field | 020805n2002 000 0 eng u |
| 035 ## - SYSTEM CONTROL NUMBER | |
| System control number | (Sirsi) u119176 |
| 100 ## - MAIN ENTRY--PERSONAL NAME | |
| Personal name | McMillan, A. |
| 245 ## - TITLE STATEMENT | |
| Title | Disability Discrimination Act |
| 260 ## - PUBLICATION, DISTRIBUTION, ETC. | |
| Date of publication, distribution, etc. | 2002 |
| 490 ## - SERIES STATEMENT | |
| Series statement | Property Law |
| Volume/sequential designation | (58) July 2002, 2-5(4) |
| 520 ## - SUMMARY, ETC. | |
| Summary, etc. | Overview of new Code of Practice commencing May 27, 2002, which sets out duties placed by Part III of the Disability Discrimination Act 1995 on service providers. Explains three stages in which these duties are being introduced; which services are covered by the Act and into which three main areas the duty to make reasonable adjustments for the disabled falls. Also provides Disability Discrimination Checklist. Code of Practice is at www.drc-gb.org and further information can be found at www.disability.gov.uk |
| 590 ## - LOCAL NOTE (RLIN) | |
| Local note | ABS |
| 650 ## - SUBJECT ADDED ENTRY--TOPICAL TERM | |
| Topical term or geographic name entry element | ACCESSIBLE BUILDINGS |
| 650 ## - SUBJECT ADDED ENTRY--TOPICAL TERM | |
| Topical term or geographic name entry element | DISABILITY DISCRIMINATION ACT 1995 |
| 650 ## - SUBJECT ADDED ENTRY--TOPICAL TERM | |
| Topical term or geographic name entry element | MANAGEMENT-BUSINESS MANAGEMENT-DISCRIMINATION-DISABILITY DISCRIMINATION-ACCESSIBILITY |
| 690 ## - LOCAL SUBJECT ADDED ENTRY--TOPICAL TERM (OCLC, RLIN) | |
| Topical term or geographic name as entry element | LAW |
| 856 ## - ELECTRONIC LOCATION AND ACCESS | |
| Uniform Resource Identifier | <a href="https://www.drc-gb.org">https://www.drc-gb.org</a> |
| Public note | Code of Practice available online on Disability Rights Commission's web site |
| 856 ## - ELECTRONIC LOCATION AND ACCESS | |
| Uniform Resource Identifier | <a href="https://www.disability.gov.uk/">https://www.disability.gov.uk/</a> |
| Public note | Disability.gov.uk web site |
| 942 ## - ADDED ENTRY ELEMENTS (KOHA) | |
| Suppress in OPAC | 0 |
No items available.